1686 1840 1489 1384 1356 1379 1282 1455 1372 1181 1897 1330 1167 1086 1297 1914 1525 1803 1116 1371 1936 1803 1752 1581 1023 1672 1955 1473 1017 1549 1433 1298 1215 1973 1289 1804 1094 1443 1864 1970 1788 1807 1643 1863 1840 1976 1873 1231 1376 1419 1548 1891 1830 1489 1358 1582 1099 1887 1669 1403 1160 1782 1654 1121 1217 1695 1765 1407 1920 1289 1354 1423 1258 1196 1059 1435 1979 1253 1229 1662 1916 1211 1943 1275 1514 1139 1434 1321 1872 1620 1116 1150 1272 1727 1779 1949 1746 1375 1778 BCNSPRNW ULIB Ver.6.0+V

เปลี่ยนเป็นภาษาไทย

Change to English
 แสดงรายละเอียดบรรณานุกรม
  กลับหน้าหลัก

Brief Record : Get Marc (ISO 2709) : E-mail record : QR code < ปิดหน้าต่าง
LEADER : 00000nam 2200000uu 4500
001    13399122520
003     ULIB
008    130714s2554||||th 000 0 tha d
020    ^a9786165151153
060  0 ^aQZ365 ^bอ579ล
100 0  ^aอัศวิน ทองประเสริฐ
245 00 ^aล้วงลึกทางรอดมะเร็ง
250    ^aพิมพ์ครั้งที่ 1
260    ^aกรุงเทพฯ:^bเนชั่นบุ๊คส์,^c2554
300    ^a127 หน้า:^bภาพประกอบ;^c21ซม.
650  0 ^aมะเร็ง^xการป้องกันและรักษา
650  0 ^aสมหมาย ทองประเสริฐ
945    ^p125^l0^i19974
999    ^aเกษร โพธิ์สุวรรณ
รายการนี้ยังไม่มีแท็ก
คุณยังไม่ได้ล็อกอิน คุณสามารถมีกิจกรรมร่วมกับเว็บไซต์ได้ แต่ต้องล็อกอินก่อน ::
  ล็อกอิน

รายการสื่อสารสนเทศ

ลำดับที่ ประเภท เลขเรียก/บาร์โค้ด สถานที่ สถานะ
1. วิทยาศาสตร์การแพทย์ และสุขภาพ
วิทยาศาสตร์การแพทย์ และสุขภาพ
สถานะ=หนังสือเก่า
QZ365 อ579ล ฉ.1 
  Barcode: 19974
ห้องสมุดวิทยาเขตนครสวรรค์
►ส่วนจัดเก็บหนังสือเก่า นว.
บนชั้น
  ขอยืม

รายการใกล้เคียง
    ผู้แต่ง [อัศวิน ทองประเสริฐ]

BibComment


ยังไม่เคยถูกคอมเมนท์

คอมเมนท์ทรัพยากรรายการนี้
  คอมเมนท์: ล้วงลึกทางรอดมะเ..


 Copyright 2026. Bcnsprnw @Library